<?xml version="1.0" encoding="UTF-8"?>
<collection xmlns="http://www.loc.gov/MARC21/slim">
 <record>
  <leader>01619nam a2200205Ia 4500</leader>
  <controlfield tag="001">TDMU_37603</controlfield>
  <controlfield tag="008">210410s9999    xx            000 0 und d</controlfield>
  <datafield tag="082" ind1=" " ind2=" ">
   <subfield code="a">381.45002</subfield>
  </datafield>
  <datafield tag="100" ind1=" " ind2=" ">
   <subfield code="a">Schenkeveld-van der Dussen, Riet</subfield>
  </datafield>
  <datafield tag="245" ind1=" " ind2="0">
   <subfield code="a">Women's writing from the low countries 1200-1875: A bilingual anthology</subfield>
  </datafield>
  <datafield tag="245" ind1=" " ind2="0">
   <subfield code="c">Riet Schenkeveld-van der Dussen</subfield>
  </datafield>
  <datafield tag="260" ind1=" " ind2=" ">
   <subfield code="a">Amsterdam</subfield>
  </datafield>
  <datafield tag="260" ind1=" " ind2=" ">
   <subfield code="b">bAmsterdam University Press</subfield>
  </datafield>
  <datafield tag="260" ind1=" " ind2=" ">
   <subfield code="c">2010</subfield>
  </datafield>
  <datafield tag="300" ind1=" " ind2=" ">
   <subfield code="a">625 p.</subfield>
  </datafield>
  <datafield tag="520" ind1=" " ind2=" ">
   <subfield code="a">Ebook from IG Library; Includes bibliographical references and indexes; This landmark bilingual Dutch-English anthology introduces womenâ€™s writing in the Low Countries from 1200 to 1875 through a variety of texts characterised by the religious, social, political and feminist engagement of their authors, as well as their extraordinary artistic achievement. Dutch and Flemish female writers produced work of ardent religious passion, ranging from medieval mysticism through the scathing anti-Reformation polemic to pious Anabaptist reflections. Other writers addressed current social and political debates or demonstrated fierce feminist engagement.</subfield>
  </datafield>
  <datafield tag="650" ind1=" " ind2=" ">
   <subfield code="a">Dutch literature</subfield>
   <subfield code="v">Translations into English.; Dutch literature</subfield>
   <subfield code="x">Women authors.; Women and literature</subfield>
   <subfield code="x">History and criticism</subfield>
   <subfield code="z">Netherlands; Văn học Hà Lan</subfield>
   <subfield code="v">Dịch sang tiếng anh; Văn học Hà Lan</subfield>
   <subfield code="x">Tác giả nữ; Phụ nữ và văn học</subfield>
   <subfield code="x">Lịc sử và phê bình</subfield>
   <subfield code="z">Hà Lan</subfield>
  </datafield>
  <datafield tag="700" ind1=" " ind2=" ">
   <subfield code="a">Van Marion, Olga</subfield>
  </datafield>
  <datafield tag="856" ind1=" " ind2=" ">
   <subfield code="u">http://lrc.tdmu.edu.vn/opac/search/detail.asp?aID=2&amp;ID=37603</subfield>
  </datafield>
  <datafield tag="980" ind1=" " ind2=" ">
   <subfield code="a">Trung tâm Học liệu Trường Đại học Thủ Dầu Một</subfield>
  </datafield>
 </record>
</collection>
